Foundations of Mimo Communication /

Saved in:
Bibliographic Details
Main Authors: Heath Jr., Robert W. (Author), Lozano, Angel (Author)
Format: Book
Language:English
Published: Cambridge : Cambridge University Press, 2019
Tags: Add Tag
No Tags, Be the first to tag this record!

MARC

LEADER 00000nam a22000003a 4500
001 0087361
003 SK-STU
005 20210302120319.4
007 ta
008 210302s ----xo-----e------000-0-----d
020 |a 978-0-521-76228-1 
040 |a STU  |b slo 
041 0 |a eng 
044 |a xxu 
100 1 |a Heath Jr., Robert W.  |4 aut  |r Z6 
245 1 0 |a Foundations of Mimo Communication /  |c aut. Robert W Heath Jr., Angel Lozano 
260 |a Cambridge :  |b Cambridge University Press,  |c 2019 
300 |a 764 s. 
700 1 |a Lozano, Angel  |r Z6  |4 aut 
996 |b 284EK90249  |c E* 90249  |l EE39  |s P  |a 0  |w 0087361_0001